000 00383nam a2200169Ia 4500
100 _aBryant/Randal
650 _aComputers
942 _cBK
366 _f15
654 _acomputer systems
245 _aComputer systems:Programmer perspective
260 _bPearson Education
_aMumbai
_c2003
082 _a005.1092/BRY
_bBRY
300 _a978
546 _aENGLISH
999 _c32427
_d32427